Manual aique multiciencias 3º : egb /
Guardado en:
| Autor Principal: | |
|---|---|
| Formato: | Libro |
| Publicado: |
Buenos Aires :
Aique
|
| Materias: | |
| Etiquetas: |
Agregar Etiqueta
Sin Etiquetas, Sea el primero en etiquetar este registro!
|
| LEADER | 00973nam a22002535a 4500 | ||
|---|---|---|---|
| 001 | CEM.cems012568 | ||
| 005 | 20070823190400.0 | ||
| 008 | 130507b######################000#0#####d | ||
| 003 | CEMS | ||
| 020 | |a 9507013636 | ||
| 082 | 0 | 4 | |a SG372.24 |
| 100 | 1 | |a Barros, Diego F. | |
| 245 | 1 | 0 | |a Manual aique multiciencias 3º : |b egb / |c Diego F. Barros |
| 260 | |a Buenos Aires : |b Aique | ||
| 300 | |a 223 p. | ||
| 505 | 0 | |a Lengua / Ana María Finocchio ; Ana Arias -- Matemática / Gustavo Barallobres -- Ciencias naturales / Graciela Feinstein ; Manuel Eguía ; Federico Geller -- Ciencias sociales / Jorge Blanco ; Ricardo Lesser ; Fernando Rocchi | |
| 653 | |a Educación | ||
| 653 | |a Educación primaria | ||
| 653 | |a Lengua-1º egb | ||
| 653 | |a Matemática-1º egb | ||
| 653 | |a Ciencias naturales-1º egb | ||
| 653 | |a Ciencias sociales-1º egb | ||
| 653 | |a Biblioteca maría de los angeles saggio | ||
| 859 | |a CEMS |b BIB. CEMS - 11 de abril |h SG372.24 |i B278 |p 23814.07 |t Ej.1 |v 3º |3 3º | ||
